000
00264nam a2200097Ia 4500
008
220204s9999 xx 000 0 und d
082
_a
036
_b
IND
245
0
_a
India: Planning commission social services
260
_a
Delhi
_b
Manager of Publications
_c
1954
942
_c
BK
999
_c
26429
_d
26429